Missing Word: Song Titles in Lyrics III Quiz Stats

Quiz Updated Feb 9, 2015

Challenge
Share
Tweet
Embed
Score 0/16 Timer 04:00
0 Plays Today
Lyric Song Title % Correct
________ / All my troubles seemed so far away.Yesterday
87.4%
They tried to make me go to ________, but I said 'No, no, no.'Rehab
83.2%
You're fighting for your life / Inside a killer, ________ tonight.Thriller
59.2%
When you feel my heat / Look into my eyes / It's where my ________ hide.Demons
47.4%
But just because it burns / Doesn't mean you're gonna die / You've gotta get up and ________, ________, ________.Try
47.2%
And I'll make a wish / Take a chance / Make a change/And _____Breakaway
40.8%
________ is traveling tonight on a plane / I can see the red tail lights heading for Spain.Daniel
34.2%
When it crumbles / We will stand tall / Face it all together / At ________.Skyfall
33.3%
Lyric Song Title % Correct
I beg to dream and differ from the hollow lies / This is the dawning of the rest of our lives / On ________.Holiday
31.9%
And maybe ________, we'll figure all this out / Try to put an end to all our doubt.Someday
30.2%
I am in ________ / There ain't nobody who can comfort me.Misery
26.4%
Would you stay if she promised you heaven? / Will you ever win? / Will you ever win? / ________.Rhiannon
25%
Oh, she's a little ________ / Daddy's girl learned fast / Now she works the night away.Runaway
23.9%
And I won't be denied by you / The ________ inside of you.Animal
22.2%
There is no fear now / Let go and just be free / I will love you ________.Unconditionally
19.9%
Take time to ________ / That your warmth is crashing down on in.Realize
19.8%

Today's Daily Dose

Missing Word
Jazz Songs 'C'

On This Day
January 18th

You're not logged in!

Compare scores with friends on all Sporcle quizzes.
Sign Up with Email
OR
Log In

You Might Also Like...

Show Comments

Extras

Top Quizzes Today


Score Distribution

Your Account Isn't Verified!

In order to create a playlist on Sporcle, you need to verify the email address you used during registration. Go to your Sporcle Settings to finish the process.